LEADER 04793nam 22008295 450 001 9910865275003321 005 20260306121313.0 010 $a9783031552977 024 7 $a10.1007/978-3-031-55297-7 035 $a(CKB)32317429100041 035 $a(MiAaPQ)EBC31497262 035 $a(Au-PeEL)EBL31497262 035 $a(DE-He213)978-3-031-55297-7 035 $a(MiAaPQ)EBC31497192 035 $a(EXLCZ)9932317429100041 100 $a20240618d2024 u| 0 101 0 $aeng 135 $aur||||||||||| 181 $ctxt$2rdacontent 182 $cc$2rdamedia 183 $acr$2rdacarrier 200 10$aHow to Build a Human Brain /$fby Lynne Barker 205 $a1st ed. 2024. 210 1$aCham :$cSpringer International Publishing :$cImprint: Palgrave Macmillan,$d2024. 215 $a1 online resource (388 pages) 311 08$a9783031552960 320 $aIncludes bibliographical references and index. 327 $aIntroduction: basic building materials -- How to build a hindbrain -- How to build a limbic system -- How to build occipital lobes -- How to build parietal lobes -- How to build temporal lobes -- How to build the chemical senses -- Creating consciousness: building the front lobes -- Principles of plasticity. 330 $a?This book facilitates a dynamic approach to learning by taking us on a journey of not only the brain?s anatomy, but also how it works at a cellular level, and very importantly, how the brain develops. The reader learns about how a brain is ?built? by mother nature, and what makes it ?tick?.? ?Rudi Coetzer, Honorary Professor at Bangor University and Swansea University, UK and Clinical Director with Brainkind How to Build a Human Brain takes a developmental approach to understanding brain structure and function. It guides readers through the evolution of the human brain, from its cellular building blocks, up to hind brain structures and functions, and through to neocortex and associated functions. In doing so, it enables students to develop a comprehensive knowledge of the relationship between brain networks and functions, neural underpinnings of functional problems seen after neuropathology, and neuroanatomy. Written in an engaging style, each chapter follows a blueprint format with subsections on issues like 'damage and repair' and 'faulty wiring' as the brain is ?built? across the course of the book. The author includes illustrative case studies and entertaining fast fact boxes to highlight the real-word relevance of each brain structure being examined. This textbook offers an accessible reference for students of neuroscience, cognitive neuroscience, neuropsychology, and biological psychology. Lynne Barker is Associate Professor in Cognitive Neuroscience at Sheffield Hallam University, UK where she also serves as Neurocognitive Theme Lead for the Centre for Behavioural Science and Applied Psychology and is a co-locator at The Advanced Wellbeing Research Centre. Her research focuses on technological innovation and new diagnostic techniques, biomarkers and interventions in concussion, stroke, traumatic brain injury and movement disorder conditions. She is currently leading a team investigating the microbiome in relation to neuropathological conditions and her team was a shortlisted winner of the 2023 Longitude Prize on Dementia. . 606 $aCognitive neuroscience 606 $aNeurosciences 606 $aCognitive psychology 606 $aNeuropsychology 606 $aClinical psychology 606 $aNeurology 606 $aCognitive Neuroscience 606 $aNeuroscience 606 $aCognitive Psychology 606 $aNeuropsychology 606 $aClinical Psychology 606 $aNeurology 606 $aNeurocičncia cognitiva$2thub 606 $aPsicologia cognitiva$2thub 606 $aNeuropsicologia$2thub 606 $aPsicologia clínica$2thub 606 $aCervell$2thub 608 $aLlibres electrňnics$2thub 615 0$aCognitive neuroscience. 615 0$aNeurosciences. 615 0$aCognitive psychology. 615 0$aNeuropsychology. 615 0$aClinical psychology. 615 0$aNeurology. 615 14$aCognitive Neuroscience. 615 24$aNeuroscience. 615 24$aCognitive Psychology. 615 24$aNeuropsychology. 615 24$aClinical Psychology. 615 24$aNeurology. 615 7$aNeurocičncia cognitiva 615 7$aPsicologia cognitiva 615 7$aNeuropsicologia 615 7$aPsicologia clínica 615 7$aCervell 676 $a612.82 700 $aBarker$b Lynne$01742923 801 0$bMiAaPQ 801 1$bMiAaPQ 801 2$bMiAaPQ 912 $a9910865275003321 996 $aHow to Build a Human Brain$94169610 997 $aUNINA